000
00328nam a2200133Ia 4500
008
200103s9999||||xx |||||||||||||| ||und||
040
_a
IMU-MPC
082
_a
Column-50
100
_a
Stupelman, V. and Filaretov, G.
245
0
_a
Semiconductor Devices
260
_b
Mir Publishers, Moscow
_c
1976
300
_a
270
942
_c
BK
999
_c
9793
_d
9793